முதல் முதுகுத்தண்டுடையவை - Mutal mutukuttaṇṭuṭaiyavai ஆசிரியைகள் வஜ்ரபூஷணி, சத்யப்பிரேமா : (Record no. 600092)

MARC details
000 -LEADER
fixed length control field 00633nam a2200181 a 4500
008 - FIXED-LENGTH DATA ELEMENTS--GENERAL INFORMATION
fixed length control field 251204s1973##################000#0#eng##
082 04 - DEWEY DECIMAL CLASSIFICATION NUMBER
Classification number 593.99
Item number VAJ
100 1# - MAIN ENTRY--AUTHOR NAME
Personal name வஜ்ரபூஷணி - Vajrapūṣaṇi,
245 10 - TITLE STATEMENT
Title முதல் முதுகுத்தண்டுடையவை - Mutal mutukuttaṇṭuṭaiyavai ஆசிரியைகள் வஜ்ரபூஷணி, சத்யப்பிரேமா :
260 ## - PUBLICATION, DISTRIBUTION, ETC. (IMPRINT)
Year of publication 1973.
300 ## - PHYSICAL DESCRIPTION
Number of Pages vii, 340 p. ill.
500 ## - GENERAL NOTE
General note In Tamil
942 ## - ADDED ENTRY ELEMENTS (KOHA)
Koha item type Reference
Holdings
Withdrawn status Lost status Damaged status Not for loan Home library Current library Shelving location Date acquired Full call number Accession Number Price effective from Koha item type
        Anna Centenary Library Anna Centenary Library COMPETITIVE SECTION - SEVENTH FLOOR 04.12.2025 593.99 VAJ G015166 04.12.2025 Reference

Find us on the map